000 00753nam a2200253Ia 4500
003 OSt
005 20220928112554.0
006 a|||||r|||| 00| 0
007 ta
008 220927b |||||||| |||| 00| 0 eng d
020 _a9788195055357
_cINR 1500.00
024 _a145806
037 _b108, 24/12/2021, Eastern Book Linkers
_cTextual
040 _aSDCL
_cSDCL
_beng
041 _2eng
_aeng
082 _aP15:3, R1
100 _aOberlies Thomas
_9428841
245 0 _aGrammar of epic sanskrit
260 _aNew Delhi
_bMLBD Publications
_c2021
300 _alvi,647p.
_ccm.
650 _aSanskrit
_9391587
942 _hP15:3, R1
_cTEXL
_2CC
999 _c745343
_d745343